To restore American democracy : political education and the modern university /

Bibliographic Details
Other Authors: Calvert, Robert E.
Format: Book
Language:English
Published: Lanham, Md. : Rowman & Littlefield, [2006]
Subjects:
Online Access:Table of contents

MARC

Tag First Indicator Second Indicator Subfields
LEADER 00000pam a22000004a 4500
001 in00002104513
005 20151103050831.0
008 050802s2006 mdu b 101 0 eng
010 |a  2005022246 
020 |a 0742534545 (cloth : alk. paper) 
020 |a 0742534553 (pbk. : alk. paper) 
035 |a (OCoLC)ocm61229705 
040 |a DLC  |c DLC  |d YDX  |d BAKER  |d UtOrBLW 
042 |a pcc 
043 |a n-us--- 
049 |a TXAM 
050 0 0 |a LC173  |b .T6 2006 
082 0 0 |a 378/.015  |2 22 
245 0 0 |a To restore American democracy :  |b political education and the modern university /  |c edited By Robert E. Calvert. 
264 1 |a Lanham, Md. :  |b Rowman & Littlefield,  |c [2006] 
264 4 |c ©2006 
300 |a xii, 276 pages ;  |c 23 cm. 
336 |a text  |b txt  |2 rdacontent 
337 |a unmediated  |b n  |2 rdamedia 
338 |a volume  |b nc  |2 rdacarrier 
500 |a "The chapters in the volume for the most part were originally delivered as lectures at a symposium at DePauw University in the spring of 2003..."--P. 1. 
504 |a Includes bibliographical references and index. 
505 0 |a Political education and the modern university : prologue / Robert E. Calvert -- Between resignation and utopia : political education and the modern American university / William A. Galston -- Liberal education and the civic project / Michael J. Sandel -- The media, the mall, and the multiplex : America's invisible tutors and the end of citizenship / Benjamin R. Barber -- The values of media, the values of citizenship, and the values of higher education / Todd Gitlin -- Public spaces and MyUniveristy.com / Cass R. Sunstein -- The culture of expedience : liberal education meets the "real" world / James B. Stewart -- Education and character in an age of moral freedom / Alan Wolfe -- Democracy, character, and the university / Leroy S. Rouner -- How do we talk? : God talk and American political life / Jean Bethke Elshtain -- Plato's dogs : reflections on the university after 9/11 / Stephen Holmes -- The civic education of a Black American in a great big world / Roger Wilkins -- Moral education and democratic citizenship / Michael Walzer -- Utopias gone wrong : the antipolitical culture of the modern university and how to change it / Robert E. Calvert. 
650 0 |a Higher education and state  |z United States  |v Congresses. 
650 0 |a Education, Higher  |x Political aspects  |z United States  |v Congresses. 
650 0 |a Political socialization  |z United States  |v Congresses. 
700 1 |a Calvert, Robert E. 
856 4 1 |3 Table of contents  |u http://www.loc.gov/catdir/toc/ecip0517/2005022246.html  |t 0 
938 |a Baker & Taylor  |b BKTY  |c 75.00  |d 75.00  |i 0742534545  |n 0006549413  |s active 
938 |a Baker & Taylor  |b BKTY  |c 28.95  |d 28.95  |i 0742534553  |n 0006549414  |s active 
945 |i PromptCat 
947 |a A14832758416 
994 |a 92  |b TXA 
948 |a cataloged  |b h  |c 2006/3/8  |d c  |e rbarron  |f 10:15:19 am 
999 |a MARS 
999 f f |s 01465d68-8786-3110-8501-3b4c7e64c962  |i 82b54e92-7583-3a68-85b7-19ca5deffbd8  |t 0 
952 f f |p normal  |a Texas A&M University  |b College Station  |c Sterling C. Evans Library  |d Evans: Library Stacks  |t 0  |e LC173 .T6 2006  |h Library of Congress classification  |i unmediated -- volume  |m A14832758416 
998 f f |a LC173 .T6 2006  |t 0  |l Evans: Library Stacks